| 000 | 00511nam a2200181Ia 4500 | ||
|---|---|---|---|
| 005 | 20250326125201.0 | ||
| 008 | 250326s9999 xx 000 0 und d | ||
| 037 | _aTextbook | ||
| 040 |
_aFMSL _beng _cFMSL |
||
| 041 |
_aeng _2eng |
||
| 084 |
_aX(YX) K5 _qFMSL |
||
| 100 |
_aRao R A V _9738611 |
||
| 245 | 0 |
_aIndustrial social services in a developing economy _cRao R A V |
|
| 260 |
_aNew Delhi _bNew Delhi, Allied _c1965 |
||
| 300 | _a468p | ||
| 942 |
_cTB _hX(YX) K5 |
||
| 999 |
_c1276908 _d1276908 |
||